000 01330nam a22003851 4500
001 12688
003 BD-RjUL
005 20211208235336.0
008 140129r19931990stk b 001 0 eng d
020 _a0443044163
035 _aCURL Interim file ISBN04 record 117898
_a(BD-RjUL)12738
040 _aBD-RjUL
_beng
_cBD-RjUL
041 _aeng
060 0 _aQV 785 P5366
082 _a615.19
_bPHA 1993
245 0 0 _aPharmaceutics :
_bthe science of dosage form design /
_cedited by Michael E. Aulton
260 _aEdinburgh :
_bChurchill Livingstone,
_c1990 {Reprint 1993].
300 _axv, 734 p ;
_c25 cm
500 _aReplaces: Cooper and Gunn's tutorial pharmacy. 6th ed. 1972
504 _aIncludes bibliographies and index
650 0 _aBiopharmaceutics.
_939502
650 0 _aDrugs
_xDosage forms
_939503
650 0 _aBiopharmaceutics
_939504
650 0 _aPharmaceutical technology
_939505
650 0 _aPharmaceutical chemistry
_939506
650 0 _aBiopharmaceutics
_939507
650 0 _aPharmaceutical chemistry
_939508
650 0 _aDosage Forms
_939509
650 0 _aTechnology, Pharmaceutical
_939510
700 1 _aAulton, Michael E.
_939511
700 1 _aCooper, John W.
_q(John William),
_d1896-
_tTutorial pharmacy.
_939512
942 _2ddc
_cBK
999 _c12688
_d12688